00319nam a2200121Ia 4500008004100000020001800041041000800059082002200067100001500089245004700104260003700151300000900188230411s9999 xx 000 0 und d a81-8061-476-X aeng aSO/301/NEE/B08170 aNeeraja KP aTextbook of Sociology for Nursing Students bJaypee BrothersaNew Delhic2005 a608p